[Event "EWIRCC 2019"]
[Site "Monte-Carlo"]
[Date "2019.12.01"]
[Round "10.11"]
[White "Arakhamia-Grant, Ketevan"]
[Black "Bulmaga, Irina"]
[Result "1-0"]
[WhiteElo "2376"]
[BlackElo "2435"]
[Annotator "TA"]
[PlyCount "95"]
[EventDate "2019.11.28"]
[EventType "swiss"]
[EventCountry "MNC"]
[SourceTitle "playchess.com"]
[Source "ChessBase"]
[SourceQuality "1"]

{[%evp 30,117,10,0,81,87,87,101,108,114,116,105,102,102,131,122,146,127,151,64,92,54,129,130,128,131,138,32,29,33,25,25,43,33,36,36,47,11,8,8,60,9,78,90,102,54,48,35,54,6,5,4,6,4,23,27,121,51,150,21,176,185,209,201,239,230,337,320,291,292,297,233,420,366,366,366,533,298,290,260,827,644,624,61,389,139,382,354,292,304]} 1. e4 e5 2. Nf3 Nc6 3. Bb5 a6 4. Ba4 Nf6 5. O-O Be7 6. Re1 b5 7. Bb3 d6 8. c3 O-O 9. h3 Bb7 10. d3 h6 11. Nbd2 Re8 12. Nf1 Bf8 13. Ng3 Na5 14. Bc2 c5 15. d4 cxd4 16. cxd4 Rc8 {C92: Closed Ruy Lopez: 9...Be6, Karpov and Flohr-Zaitsev Variations} (16... exd4 $11 {remains equal.} 17. Nxd4 g6) (16... d5 17. Nxe5 dxe4 18. Bf4 Rc8 19. a3 Qd5 20. Nf5 Red8 21. b4 Nc4 22. Bb3 Qe6 23. Ne3 Nd5 24. Bg3 Ndxe3 25. Rxe3 {0-1 (55) Liang,A (2554)-Robson,R (2644) Saint Louis 2017}) 17. d5 $16 Nc4 18. a4 $146 ({Predecessor:} 18. b3 Nb6 19. Be3 Nbd7 20. Qd2 Nc5 21. Rec1 Kh7 22. Ne1 g6 23. f3 a5 24. a3 {½-½ (44) Lazic,M (2465)-Brenjo,S (2425) Budva 1996}) 18... bxa4 {White is better.} 19. Bxa4 Nd7 20. Nf5 Ncb6 21. Bc2 Qc7 22. Bd3 Nc5 23. Bf1 a5 24. b3 (24. Rxa5 Nxe4 25. Rxe4 Qxc1 $14) (24. N3h4 $1 $16) 24... Ra8 25. Bd2 Nc8 (25... Bc8 $14) 26. Qc2 Ne7 {White should prevent ...Nxf5.} 27. Ne3 Rec8 28. Nc4 (28. Rec1 $16) 28... a4 $1 $14 {[%cal Ra4b3]} 29. bxa4 Nxe4 $1 {[%mdl 64] Remove Defender, Decoy} 30. Qxe4 {And now Ne3 would win.} Bxd5 {[%mdl 64] Double Attack} 31. Qe3 {Hoping for Nb6.} (31. Qg4 Bxc4 32. Rec1 Be6 $15) 31... Bxc4 32. Rec1 d5 $1 33. Nxe5 Nf5 34. Qc3 {[%cal Re5c4] [#]} Nd6 (34... Bb4 $1 $11 {[%mdl 512]} 35. Qxb4 Qxe5) 35. Bf4 ({White should try} 35. Qf3 $14) 35... Ne4 (35... Qd8 $11 36. Nxc4 Nxc4) 36. Qf3 $16 Nd2 37. Bxd2 Qxe5 38. Bc3 Qg5 39. Bd4 Bxf1 40. Rxf1 Rc4 41. Be3 Qe5 42. a5 Re4 (42... Bd6 $11 {keeps the balance.} 43. g3 Qe4 44. Qxe4 Rxe4) 43. Rfd1 (43. a6 $16) 43... Ra6 {[#]} (43... Bb4 $14) 44. g3 (44. Bb6 $1 $16) 44... g5 $2 {[#]} (44... Rf6 $11 45. Bf4 Qe7) 45. Bb6 $1 $18 Bg7 46. Rac1 {[%cal Ba1c1,Bc1c5,Bc5d5,Bd5d8][%mdl 32] Rc8+ is the strong threat.} Ra8 47. Kg2 h5 (47... Qe6 {was necessary.} 48. Rc5 Bd4) 48. Qxh5 {Played: Rc1-c5} 1-0

[Event "EWIRCC 2019"]
[Site "Monte-Carlo"]
[Date "2019.12.01"]
[Round "10.12"]
[White "Daulyte-Cornette, Deimante"]
[Black "Bensdorp-De Labaca, Marlies"]
[Result "1/2-1/2"]
[WhiteElo "2405"]
[BlackElo "2228"]
[Annotator "TA"]
[PlyCount "102"]
[EventDate "2019.11.28"]
[EventType "swiss"]
[EventCountry "MNC"]
[SourceTitle "playchess.com"]
[Source "ChessBase"]
[SourceQuality "1"]

{[%evp 12,102,39,0,26,9,2,-20,-8,-10,-18,-13,-14,-6,6,-3,21,28,23,0,0,0,8,0,38,32,38,32,29,24,38,30,67,-29,0,0,0,0,0,0,0,-6,-24,-42,-43,-60,-46,-58,-29,-51,-39,-50,-20,-25,-10,-83,-18,-74,-19,-35,-29,-43,8,0,0,0,8,-84,-92,-74,-83,-124,0,0,0,0,0,0,0,0,0,0,0,0,8,0,0,0,8,8,8,0,0]} 1. e4 e6 2. d4 d5 3. Nc3 Nf6 4. Bg5 dxe4 5. Nxe4 Be7 6. Bxf6 gxf6 7. Qd2 b6 {C13: French: Classical System: 4 Bg5 Be7, Alekhine-Chatard Attack} (7... f5 $5 {[%cal Rf5e4]} 8. Nc3 a6 $11) 8. Bb5+ (8. O-O-O Bb7 9. Nc3 c6 10. Be2 Nd7 11. f4 f5 12. Nf3 Qc7 13. Ne5 h5 14. Bf3 Nxe5 15. dxe5 {½-½ (38) Kryvoruchko,Y (2669)-Ponkratov,P (2644) Mali Losinj 2019}) 8... c6 9. Be2 Bb7 10. Nc3 $146 ({Predecessor:} 10. Bf3 f5 11. Nc3 Nd7 12. Nh3 Qc7 13. O-O-O Nf6 14. g3 O-O-O 15. Rhe1 {0-1 (60) Hong,A (2414)-Shtembuliak,E (2516) Saint Louis 2019}) 10... Nd7 {[%cal Bb8d7,Bd7f8,Bf8g6][%mdl 32]} 11. O-O-O Qc7 12. Bh5 Nf8 13. f4 Bd6 14. g3 O-O-O 15. Nf3 Ng6 {[%cal Rg6f4]} 16. Kb1 Kb8 17. Rhe1 f5 18. Qf2 Bb4 19. Qe3 c5 20. dxc5 Bxc5 21. Qe2 Bc6 22. Bxg6 (22. Ng5 $14) 22... hxg6 (22... Bxf3 $5 23. Qxf3 hxg6 $11) 23. Ne5 Kb7 24. h4 Bb4 25. Qc4 Bd6 26. Nxc6 Qxc6 27. Qxc6+ Kxc6 28. a3 Bc5 {Strongly threatening ...Bf2.} 29. Rf1 Bd4 30. Ne2 Be3 31. c3 Rxd1+ 32. Rxd1 $15 {[%mdl 4096] Endgame KRB-KRN} Kc7 33. b4 (33. Rd3 $11 Bf2 34. Kc2) 33... b5 (33... Rd8 $1 $17 {[%cal Rd8d1]} 34. Rxd8 Kxd8) 34. Rd3 {[#]} (34. Nd4 $11) 34... Bf2 ({Black should play} 34... Bb6 $1 $17) 35. Kc2 Re8 36. Kb3 e5 (36... Rd8 $15 37. Rxd8 Kxd8) 37. fxe5 Rxe5 38. Nf4 Kc6 39. c4 (39. h5 $11) 39... bxc4+ $17 40. Kxc4 Re4+ 41. Kb3 {[#]} Re3 (41... Bxg3 $1 $17 {[%mdl 512]} 42. Rxg3 Rxf4) 42. Rxe3 $11 {The position is equal.} Bxe3 {KB-KN} 43. Kc4 Bf2 44. Ne2 a6 45. a4 Kb6 46. Kd5 Be1 47. Kc4 Bd2 48. Nd4 Be1 49. Ne2 Bd2 50. Nf4 Be1 51. Ne2 Bd2 {Accuracy: White = 36%, Black = 42%.} 1/2-1/2

[Event "EWIRCC 2019"]
[Site "Monte-Carlo"]
[Date "2019.12.01"]
[Round "10.13"]
[White "Berend, Elvira"]
[Black "Socko, Monika"]
[Result "1/2-1/2"]
[WhiteElo "2349"]
[BlackElo "2417"]
[Annotator "TA"]
[PlyCount "107"]
[EventDate "2019.11.28"]
[EventType "swiss"]
[EventCountry "MNC"]
[SourceTitle "playchess.com"]
[Source "ChessBase"]
[SourceQuality "1"]

{[%evp 12,107,33,32,44,23,35,32,5,9,46,29,33,33,42,47,43,45,43,50,58,41,46,19,16,9,9,9,4,-13,-2,-17,0,0,29,0,0,0,-1,-11,-6,-14,-6,-8,0,0,0,0,0,0,0,-37,-67,-97,0,0,0,-55,-73,-77,-75,-110,-103,-110,-102,-151,0,0,8,0,0,0,0,0,0,0,0,0,0,0,0,0,0,0,0,0,0,0,0,0,0,0,0,0,0,0,0,0]} 1. d4 Nf6 2. Nf3 e6 3. c4 Bb4+ 4. Bd2 c5 5. Bxb4 cxb4 6. e3 O-O 7. Bd3 d6 {E11: Bogo-Indian} 8. a3 (8. O-O Nc6 9. Nbd2 a5 10. Ne4 Nxe4 11. Bxe4 h6 12. h3 Qe7 13. Rc1 Rd8 14. Qc2 Bd7 15. c5 Be8 16. cxd6 Rxd6 {1-0 (46) Riazantsev,A (2671)-Bartel,M (2641) Tallinn 2016}) 8... bxa3 9. Rxa3 Nc6 {White is slightly better.} 10. Nc3 e5 11. O-O Bg4 12. Be2 Re8 13. d5 $146 ({Predecessor:} 13. Qd2 Qb6 14. Rd1 Bxf3 15. Bxf3 exd4 16. exd4 Nxd4 17. Bxb7 Qxb7 18. Qxd4 Qxb2 19. Ra6 {½-½ (19) Kilgus,G (2435)-Khmelevsky,S (2183) Vienna 2019}) 13... Bxf3 14. Bxf3 Nb4 15. e4 a5 16. Be2 Qb6 17. Kh1 (17. Qc1 {looks sharper.} Nd7 18. Na4 Qd8 19. Qd2 b6 20. Rfa1) 17... Qd4 18. f3 {Threatening Qxd4.} Qxd1 19. Bxd1 Rec8 20. b3 Kf8 21. g3 Ke7 22. f4 Nd3 23. Be2 Nc5 24. fxe5 dxe5 25. Bf3 b6 26. Rfa1 Rab8 27. Rd1 Rd8 28. Rb1 Ne8 29. b4 axb4 30. Rxb4 Nd6 31. Kg2 Nd3 $36 {[%mdl 2048] Black has good play.} 32. Ra7+ Kf8 (32... Rd7 $17 33. Rxd7+ Kxd7) 33. Rb1 $1 $11 Rdc8 34. Be2 (34. Nb5 $11 Nxb5 35. cxb5) 34... Rxc4 $15 35. Nb5 {[#]} Nxb5 $1 36. Rxb5 Rc2 37. Kf3 Nc5 38. d6 {[#]} Nxe4 $2 {[#]} (38... Ne6 $1 $17 {[%cal Re6d4]} 39. Rxe5 Nd4+ {[%mdl 64] Double Attack} 40. Ke3 Nc6 {[%mdl 64] Double Attack}) 39. Rxb6 $1 $11 {[%mdl 512] The position is equal.} Rd8 (39... Rxb6 40. Ra8+) 40. Kxe4 Rxe2+ {[%mdl 4160] Endgame Double Attack. KRR-KRR} 41. Kf3 Rxh2 42. Rbb7 Kg8 43. Rxf7 Rxd6 {aiming for ...Rd3+.} 44. Rxg7+ Kh8 45. Rge7 {[%cal Re7e8]} Rd8 46. Rxe5 Rf8+ 47. Ke3 Rg8 48. g4 Rh3+ 49. Kf2 Rxg4 50. Re8+ Rg8 51. Rxg8+ Kxg8 52. Kg2 Rh6 53. Kg3 Rg6+ 54. Kh4 {Accuracy: White = 63%, Black = 68%.} 1/2-1/2

[Event "EWIRCC 2019"]
[Site "Monte-Carlo"]
[Date "2019.12.01"]
[Round "10.14"]
[White "Guichard, Pauline"]
[Black "Belenkaya, Dina"]
[Result "0-1"]
[WhiteElo "2407"]
[BlackElo "2302"]
[Annotator "NA"]
[PlyCount "102"]
[EventDate "2019.11.28"]
[EventType "swiss"]
[EventCountry "MNC"]
[SourceTitle "playchess.com"]
[Source "ChessBase"]
[SourceQuality "1"]
[TimeControl "5400+30"]

1. d4 {[%emt 1:15:12]} d5 {[%emt 1:15:11]} 2. Bf4 {[%emt 0:00:22]} c5 {[%emt 0:00:21]} 3. e3 {[%emt 0:00:22]} Nc6 {[%emt 0:00:21]} 4. c3 {[%emt 0:00:28]} Nf6 {[%emt 0:00:22]} 5. Nd2 {[%emt 0:00:23]} Bf5 {[%emt 0:00:21]} 6. Ngf3 {[%emt 0:01:05]} e6 {[%emt 0:00:22]} 7. Bb5 {[%emt 0:00:23]} Qb6 {[%emt 0:02:29]} 8. Qa4 {[%emt 0:00:35]} a6 {[%emt 0:01:16]} 9. Bxc6+ {[%emt 0:00:40]} Qxc6 {[%emt 0:00:50]} 10. Qxc6+ {[%emt 0:00:42]} bxc6 {[%emt 0:00:21]} 11. h3 {[%emt 0:01:49]} Nd7 {[%emt 0:00:43]} 12. Nb3 {[%emt 0:01:07]} c4 {[%emt 0:01:03]} 13. Na5 {[%emt 0:01:39]} c5 {[%emt 0:00:53]} 14. b3 {[%emt 0:00:32]} cxd4 {[%emt 0:00:39]} 15. exd4 {[%emt 0:00:26]} Ba3 {[%emt 0:02:50]} 16. Bc1 {[%emt 0:02:15]} Bxc1 {[%emt 0:00:47]} 17. Rxc1 {[%emt 0:00:22]} Rc8 {[%emt 0:02:05]} 18. b4 {[%emt 0:02:45]} Rc7 {[%emt 0:00:44]} 19. O-O {[%emt 0:00:43]} Ke7 {[%emt 0:00:38]} 20. Rfe1 {[%emt 0:00:27]} f6 {[%emt 0:02:13]} 21. Re3 {[%emt 0:00:42]} Kd6 {[%emt 0:00:33]} 22. Rce1 {[%emt 0:01:22]} Re8 {[%emt 0:00:26]} 23. Nh4 {[%emt 0:00:27]} Bc2 {[%emt 0:00:35]} 24. f4 {[%emt 0:00:50]} h6 {[%emt 0:01:04]} 25. R3e2 {[%emt 0:01:19]} Be4 {[%emt 0:00:32]} 26. Kf2 {[%emt 0:01:37]} g5 {[%emt 0:00:28]} 27. fxg5 {[%emt 0:00:21]} hxg5 {[%emt 0:00:26]} 28. Nf3 {[%emt 0:00:22]} Nf8 {[%emt 0:00:51]} 29. Rb2 {[%emt 0:02:00]} Rb8 {[%emt 0:00:48]} 30. Nd2 {[%emt 0:00:32]} Bd3 {[%emt 0:00:56]} 31. a4 {[%emt 0:00:25]} Ng6 {[%emt 0:00:38]} 32. b5 {[%emt 0:00:57]} Rb6 {[%emt 0:00:27]} 33. g3 {[%emt 0:01:05]} e5 {[%emt 0:02:01]} 34. Nf3 {[%emt 0:01:57]} e4 {[%emt 0:00:28]} 35. Ng1 {[%emt 0:00:44]} f5 {[%emt 0:00:25]} 36. Rb4 {[%emt 0:00:21]} axb5 {[%emt 0:01:00]} 37. axb5 {[%emt 0:00:31]} f4 {[%emt 0:00:25]} 38. h4 {[%emt 0:00:43]} Ra7 {[%emt 0:00:46]} 39. Ra1 {[%emt 0:00:30]} e3+ {[%emt 0:00:27]} 40. Kf3 {[%emt 0:00:23]} Rf7 {[%emt 0:00:41]} 41. hxg5 {[%emt 0:00:32]} Be4+ {[%emt 0:00:22]} 42. Ke2 {[%emt 0:00:41]} f3+ {[%emt 0:00:24]} 43. Nxf3 {[%emt 0:00:22]} Rxf3 {[%emt 0:00:35]} 44. Rg1 {[%emt 0:00:38]} Ne7 {[%emt 0:00:32]} 45. g6 {[%emt 0:00:36]} Nxg6 {[%emt 0:00:28]} 46. Nc6 {[%emt 0:00:21]} Rb7 {[%emt 0:00:33]} 47. g4 {[%emt 0:00:38]} Nf4+ {[%emt 0:00:25]} 48. Kd1 {[%emt 0:00:31]} e2+ {[%emt 0:00:54]} 49. Ke1 {[%emt 0:00:33]} Nd3+ {[%emt 0:00:22]} 50. Kxe2 {[%emt 0:00:22]} Nxb4 {[%emt 0:00:27]} 51. Nxb4 {[%emt 0:00:33]} Rxc3 {[%emt 0:00:26]} 0-1

[Event "EWIRCC 2019"]
[Site "Monte-Carlo"]
[Date "2019.12.01"]
[Round "10.15"]
[White "Worek, Joanna"]
[Black "Terbe, Julianna"]
[Result "1/2-1/2"]
[WhiteElo "2316"]
[BlackElo "2287"]
[Annotator "TA"]
[PlyCount "64"]
[EventDate "2019.11.28"]
[EventType "swiss"]
[EventCountry "MNC"]
[SourceTitle "playchess.com"]
[Source "ChessBase"]
[SourceQuality "1"]

{[%evp 18,64,22,24,19,0,0,-16,-17,-8,-6,-47,-49,-81,-14,-5,110,102,144,155,325,80,69,-40,-29,-29,0,0,0,0,0,0,48,-2,9,12,50,50,55,0,0,0,0,0,0,0,0,0,0]} 1. e4 c5 2. Nf3 Nc6 3. d4 cxd4 4. Nxd4 Nf6 5. Nc3 e5 6. Ndb5 d6 7. Bg5 a6 8. Bxf6 gxf6 9. Na3 f5 10. Nc4 fxe4 {B33: Sicilian: Pelikan and Sveshnikov Variations} (10... b5 11. Ne3 b4 12. Ncd5 fxe4 13. a3 bxa3 14. Rxa3 Bg7 15. Bb5 axb5 16. Rxa8 O-O 17. Qh5 Kh8 18. Nf5 Nd4 19. Nxg7 Kxg7 20. Rxc8 {1-0 (20) Tarlev,K (2544)-Tilicheev,V (2525) Mersin 2017}) 11. Nxe4 Nd4 $1 {Hoping for ...d5.} 12. Ne3 Be6 13. c3 d5 14. Ng3 (14. Qh5 {keeps more tension.} dxe4 15. Qxe5 Rg8 16. O-O-O Bg7 17. Qxe4 Qe7 18. cxd4 Rc8+ 19. Nc2) 14... Nc6 15. Bd3 e4 $146 (15... h5 $17 {With the idea ...h4.} 16. O-O h4) ({Predecessor:} 15... h5 16. O-O e4 17. Bc2 Qg5 18. c4 {0-1 (29) Harman,K (1716)-Fischer,D (2314) ICCF email 2015}) 16. Bc2 $1 $11 Qd7 (16... Bc5 $11) 17. Qh5 $1 $16 Ne7 18. O-O-O Qb5 $2 {[#]} (18... O-O-O $16 {was called for.}) 19. Rd4 $2 (19. c4 $1 $18 {[%mdl 512] is the precise move to win.} dxc4 {[#]} 20. Nxe4 $1 {[%mdl 512]}) 19... O-O-O 20. Ngf5 (20. Rhd1 $14) 20... Nxf5 21. Nxf5 Bc5 {aiming for ...Qd7.} (21... Rg8 $5 {[%cal Rg8g2]} 22. g3 Kb8 $11) 22. Rd2 $1 Qb6 23. Nd4 Rhg8 24. g3 Rg6 25. h3 Bf8 26. Kb1 Bh6 27. Rdd1 Bg7 28. Rhe1 ({White should try} 28. g4 $14) 28... Rh6 $11 {The position is equal.} 29. Qg5 Rg6 $36 {[%mdl 2048] White is under pressure.} 30. Qh4 Rh6 31. Qg5 Rg6 32. Qh4 Rh6 {Accuracy: White = 38%, Black = 43%.} 1/2-1/2

[Event "EWIRCC 2019"]
[Site "Monte-Carlo"]
[Date "2019.12.01"]
[Round "10.16"]
[White "Salimova, Nurgyul"]
[Black "Savina, Anastasia"]
[Result "1-0"]
[WhiteElo "2370"]
[BlackElo "2354"]
[Annotator "TA"]
[PlyCount "115"]
[EventDate "2019.11.28"]
[EventType "swiss"]
[EventCountry "MNC"]
[SourceTitle "playchess.com"]
[Source "ChessBase"]
[SourceQuality "1"]

{[%evp 15,115,0,14,0,0,0,2,-18,13,-44,-41,-56,-17,-96,-10,-16,-27,-135,-143,-180,-151,-154,-115,-114,-118,-143,-150,-145,-111,-119,-88,-127,-119,-131,-131,-125,-111,-84,-32,-29,-12,-15,0,-78,0,0,16,0,73,48,46,0,250,260,249,263,245,245,281,281,281,276,537,484,585,585,578,578,552,513,1060,855,1318,1325,1318,1303,8931,8410,6905,5732,5724,5724,5716,4937,29973,29976,29980,29979,29982,29983,29982,29983,29987,29988,29988,29989,29989,29990,29990,29991,29994,29995]} 1. Nf3 c5 2. c4 Nc6 3. g3 g6 4. Bg2 Bg7 5. O-O d6 6. Nc3 e5 7. d3 Nge7 8. a3 a5 9. Bg5 {A37: Symmetrical English vs ...g6: 4 Bg2 Bg7 5 Nf3} (9. Bd2 O-O 10. Rb1 Be6 11. Ng5 Bc8 12. Nb5 f5 13. Nf3 h6 14. b4 axb4 15. axb4 b6 16. Ne1 Be6 17. Nc2 Rb8 18. Nc3 {1-0 (51) Giri,A (2762)-Lupulescu,C (2620) Heraklio 2017}) 9... O-O 10. Qd2 f6 11. Be3 {The position is equal.} Nd4 $146 {White should prevent ...Nb3.} ({Predecessor:} 11... Nf5 12. Nd5 Nxe3 13. fxe3 Bh6 14. Rab1 Be6 15. Ne1 {1-0 (47) Dos Reis,A (1918)-Crespo de Oliveira,L (2164) Juiz de Fora 2015}) 12. Bxd4 (12. Rab1 $11) 12... cxd4 $15 13. Nb5 a4 14. e3 (14. Qb4 $11) 14... dxe3 (14... Bh6 $1 $17 15. Rae1 d5) 15. Qxe3 $11 d5 16. d4 (16. Rfe1 $11 {keeps the balance.}) 16... e4 $1 $17 ({And not} 16... dxc4 17. dxe5 Nf5 18. Qc5 $14) 17. Nd2 f5 18. cxd5 Ra5 19. Qe2 Qxd5 {[%mdl 64] Double Attack} 20. Nc3 Qxd4 21. Rfd1 Qf6 22. Nc4 Ra6 23. f3 exf3 $1 24. Qxf3 Kh8 25. Rd2 Rc6 26. Qf1 Be6 (26... f4 $17 27. gxf4 Rc7) 27. Bxc6 $15 Nxc6 28. Re1 $1 Bg8 29. Nd6 (29. Kh1 $11) 29... Nd4 (29... Bh6 $17 30. Rdd1 Bb3) 30. Ncb5 $36 {[%mdl 2048] White has the initiative.} Nb3 31. Rde2 f4 (31... Bd5 $11) 32. Re8 {Hoping for Rxf8.} f3 {Threatens to win with ...f2+.} 33. Qf2 (33. Rxf8 {looks sharper.} Bxf8 34. Rd1 Nc5 35. Qf2 Bb3 36. Rd2) 33... Rxe8 $2 (33... Bd5 $1 $11 {and Black stays safe.}) 34. Nxe8 $18 (34. Rxe8 h6 $14) 34... Qxb2 35. Nxg7 ({Not} 35. Qxf3 $2 Nd4 $1 $19 {[%mdl 512]}) 35... Qxg7 36. Qxf3 Nd4 {[#]} 37. Nxd4 $1 Qxd4+ 38. Qe3 Qxe3+ $2 (38... Qf6 39. Qc5 h6) 39. Rxe3 {[%mdl 4096] Endgame KR-KB} b5 40. Re7 Bc4 41. Kf2 Kg8 42. Ke3 h5 (42... h6 $142 43. Kd4 Kf8) 43. Kd4 Bf7 44. Kc5 Bc4 45. Rb7 Bd3 46. Rxb5 Kf7 47. Rb4 Bc2 48. Kb5 Ke6 49. Rxa4 Bxa4+ 50. Kxa4 {K3P-KPP. White mates.} Kf5 51. Kb4 Kg4 52. a4 g5 53. a5 h4 54. gxh4 gxh4 55. a6 Kh3 56. a7 Kxh2 57. a8=Q h3 58. Qf3 {Accuracy: White = 58%, Black = 38%.} 1-0

[Event "EWIRCC 2019"]
[Site "Monte-Carlo"]
[Date "2019.12.01"]
[Round "10.17"]
[White "Unuk, Laura"]
[Black "Ovod, Evgenija"]
[Result "1/2-1/2"]
[WhiteElo "2298"]
[BlackElo "2347"]
[Annotator "TA"]
[PlyCount "107"]
[EventDate "2019.11.28"]
[EventType "swiss"]
[EventCountry "MNC"]
[SourceTitle "playchess.com"]
[Source "ChessBase"]
[SourceQuality "1"]

{[%evp 17,107,0,10,0,7,14,15,-26,0,-13,44,38,37,36,44,22,133,0,0,-45,-39,-27,-29,-29,14,-4,18,11,24,10,28,0,36,53,16,35,29,23,16,20,78,-93,-81,-217,86,73,245,0,0,0,277,127,408,354,958,429,406,398,707,691,683,697,689,696,697,671,571,329,300,0,0,0,0,0,0,0,0,-12838,0,0,0,0,0,0,0,0,0,0,0,0,0,0]} 1. d4 d5 2. c4 e6 3. Nf3 Nf6 4. g3 dxc4 5. Bg2 c5 6. O-O Nc6 7. Qa4 Bd7 8. Qxc4 b5 9. Qd3 c4 10. Qc2 {E04: Open Catalan: 5 Nf3} Rc8 11. e4 Be7 12. Bf4 $146 ({Predecessor:} 12. Qe2 O-O 13. Rd1 Na5 14. d5 exd5 15. e5 Ne4 16. Rxd5 Nc5 17. Nd4 Qe8 {1-0 (59) Tabatabaei,M (2587)-Sethuraman,S (2664) Makati 2018}) 12... O-O (12... Nb4 $5 {[%cal Rb4c2]} 13. Qe2 Nd3 $11) 13. a3 h6 (13... Qb6 $11) 14. Nc3 $14 {Black must now prevent d5.} Na5 15. Rad1 Qb6 $1 16. Ne5 Rfd8 (16... Be8 $1 $11) 17. Be3 (17. Nxf7 $16 Kxf7 18. e5) 17... Be8 $1 $11 18. h3 Nb3 19. Ne2 a5 20. f4 a4 21. Bf2 Qa6 22. g4 Nd7 23. Nf3 Nb8 24. f5 exf5 25. gxf5 b4 26. axb4 Nc6 27. e5 Nxb4 28. Qe4 $1 Nd3 (28... f6 $11 {remains equal.}) 29. Be3 $2 (29. f6 $1 $16 {[%cal Rf6e7] is forced if you want to stay better.} Bf8 30. fxg7 Bxg7 31. Rb1) 29... Nxb2 $17 30. Rb1 (30. Rde1 $17 {was worth a try.}) 30... a3 $2 {[#]} (30... c3 $1 $19 31. f6 Qxe2 32. fxe7 Rd7) 31. f6 $1 $36 {[%cal Rf6e7][%mdl 2560] White is really pushing.} Bf8 $2 {[#]} (31... Bxf6 $16 {was called for.} 32. exf6 a2) (31... gxf6 32. Qg4+) 32. fxg7 $2 (32. Bxh6 $1 $18 {[%mdl 512]} gxh6 33. Ng5 $1 {[%mdl 512]} hxg5 34. Qf5) 32... Bxg7 $11 33. Nh4 {Nf5 is the strong threat.} Bd7 $2 {[%mdl 8192]} (33... a2 $11 {and Black has nothing to worry.} 34. Rxb2 a1=Q 35. Rxa1 Qxa1+ {[%mdl 64] Double Attack} 36. Rb1 Bc6) 34. Nc3 (34. Rxf7 $1 $18 {and the rest is easy.} a2 35. Rbf1 (35. Re7 axb1=B 36. Qxb1 Nd3 $18)) 34... a2 $2 {[%mdl 8192]} (34... Rf8 $16) 35. Nxa2 $1 $18 Qxa2 $2 {[#]} (35... Nd3) 36. Nf5 (36. Rxf7 $142 $3 {[%mdl 512] Threatening mate with Bxh6!} Kxf7 37. Qd5+ Be6 38. Rf1+ Kg8 39. Qxe6+ {[%mdl 64] Double Attack} Kh8 40. Ng6+ Kh7 41. Qf5) 36... Bxf5 37. Qxf5 {aiming for Be4.} Rc7 $2 (37... Nxd4 38. Bxd4 c3) 38. Be4 {And now Bxh6 would win.} Nxd4 39. Qh7+ Kf8 {Strongly threatening ...Qb3.} 40. Bxh6 Bxh6 41. Qxh6+ Ke8 {Hoping for ...c3.} 42. Qh8+ Kd7 {[#]} 43. Rxf7+ $2 (43. Qg7 $1 $18 {[%mdl 512]} Qa7 44. Ra1 (44. Rxf7+ Kc8 $11) 44... Nf5+ 45. Rxa7 Nxg7 46. Rxf7+ {[%mdl 64] Double Attack} Ke6 47. Raxc7 Kxe5 48. Rxg7 Kxe4 49. Rg2) 43... Kc8 $1 $11 44. Rf8 {[%csl Gh8][%cal Rf8d8]} Rcd7 $1 {[#] Threatens to win with ...c3.} 45. e6 $1 {[%mdl 512]} Nxe6 46. Rxd8+ Rxd8 47. Qxb2 $4 {[%mdl 8192] [#]} (47. Qe5 $11 Qa7+ 48. Kh1) 47... Rg8+ $2 ({Better is} 47... Rd1+ $1 $19 {[%mdl 512]} 48. Rxd1 Qxb2) 48. Kf1 {White threatens Qb8+ and mate.The position is equal.} Rf8+ 49. Ke1 {White wants to mate with Qb8+.} Qxb2 50. Rxb2 Ng5 51. Bd5 Re8+ 52. Re2 Rxe2+ 53. Kxe2 Nxh3 {( -> ...Nf4+)} 54. Bxc4 {Accuracy: White = 35%, Black = 39%.} 1/2-1/2

[Event "EWIRCC 2019"]
[Site "Monte-Carlo"]
[Date "2019.12.01"]
[Round "10.18"]
[White "Muetsch, Annmarie"]
[Black "Reizniece-Ozola, Dana"]
[Result "1-0"]
[WhiteElo "2240"]
[BlackElo "2305"]
[Annotator "TA"]
[PlyCount "43"]
[EventDate "2019.11.28"]
[EventType "swiss"]
[EventCountry "MNC"]
[SourceTitle "playchess.com"]
[Source "ChessBase"]
[SourceQuality "1"]

{[%evp 9,43,16,27,10,21,14,26,0,24,26,24,22,31,32,35,18,30,6,8,17,49,43,60,62,42,0,0,0,13,16,489,20,8,0,29991,29992]} 1. e4 c5 2. Nf3 d6 3. Bb5+ Bd7 4. c4 Nf6 5. Nc3 g6 6. O-O {B52: Sicilian: Moscow Variation with 3...Bd7} Bg7 7. d4 cxd4 8. Nxd4 {White has an edge.} O-O 9. Bxd7 (9. f3 Bxb5 10. cxb5 a6 11. Be3 axb5 12. Ndxb5 {½-½ (35) Karjakin,S (2773)-Duda,J (2737) chess.com INT 2018}) 9... Qxd7 10. b3 Rc8 11. Bb2 e6 12. Qf3 $146 ({Predecessor:} 12. Qd2 d5 13. cxd5 exd5 14. e5 {1-0 (64) Juhasz,A (2174)-Horobrijs,D (1918) Porto Carras 2018}) 12... Nc6 13. Nxc6 Qxc6 14. Rad1 Nxe4 15. Nxe4 Bxb2 16. Rxd6 Qc7 17. Rd2 Be5 18. Nf6+ Kg7 19. Rd7 $36 {[%mdl 2048] Hoping for Ne8+! White has the initiative.} Bxh2+ 20. Kh1 Qf4 21. Qxb7 Qh4 $2 {[%mdl 8192] [#]} (21... Rf8 $11 22. Rd3 (22. Ne4 Qh4 $11) 22... Qxf6 23. Kxh2 Qb2) 22. Rxf7+ {Accuracy: White = 69%, Black = 54%.} 1-0